| 000 | 00665nam a2200229Ia 4500 | ||
|---|---|---|---|
| 003 | OSt | ||
| 005 | 20220928112057.0 | ||
| 006 | a|||||r|||| 00| 0 | ||
| 007 | ta | ||
| 008 | 220927b |||||||| |||| 00| 0 eng d | ||
| 024 | _a29983 | ||
| 037 | _cTextual | ||
| 040 |
_aSDCL _cSDCL _beng |
||
| 041 |
_2eng _aeng |
||
| 082 | _aX9.42'N8, M2 | ||
| 100 |
_aMorishima Michio _9371101 |
||
| 245 | 0 |
_aWhy has Japan 'succeeded' ? _b Western technology and the Japanese ethos |
|
| 260 |
_aCambridge _bCambridge University Press _c1982 |
||
| 300 |
_aix,209p _ccm. |
||
| 942 |
_hX9.42'N8, M2 _cTEXL _2CC |
||
| 999 |
_c743164 _d743164 |
||